000 00558nam a22002297a 4500
001 39753
003 UA-OsUOA
005 20220717143154.0
007 ta
008 20060627b un ||||| |||| 00| 0 ukr d
040 _aUA-OsUOA
_brus
_cUA-OsUOA
_dUA-OsUOA
041 _arus
080 _a94(4).
090 _a94(4).
_bД44
100 _aДиакон Л.
245 _aИстория
260 _aМ.
_bНаука
_c1988
300 _a240 с.
650 7 _a9 Географія. Біографії. Історія
_2UDC
942 _cBK
_2udc
955 _a1
999 _c325894
_d325894